Lobo ty si moja láska

Bibliographic Details
Main Authors: Lobo (Composer, Lyricist, Performer), Kavulič, Martin (Composer, Lyricist)
Format: CD Audio
Language:Slovak
PhysicalDescription:1 zvuková platňa digital, stereo 12 cm
Published: [S. l.] Brjan Music 2005
Subjects:

MARC

LEADER 00000njm a2200000 a 4500
001 vtls008418064
003 SK-MaSNL
005 20260331204656.0
007 sd fsngnnmmned
008 051213s2005 xo ppn g s slo
015 |a SNBJ2005 
028 0 1 |a BA 0010 2 331  |b Brjan Music 
040 |a SNK  |b slo  |c SNK  |e AACR2 
041 0 |a slo 
044 |a xo  |c SK 
072 7 |a 784  |x Vokálna hudba  |2 konspekt 
080 |a 784.4  |2 2001 
080 |a (086.76)  |2 2001 
100 1 |a Lobo  |4 cmp  |4 lyr  |4 prf  |9 533689 
245 1 0 |a Lobo  |h zvukový záznam  |b ty si moja láska  |c [hudba a texty] Lobo, Martin Kavulič 
260 |a [S. l.]  |b Brjan Music  |c 2005 
300 |a 1 zvuková platňa  |b digital, stereo  |c 12 cm 
505 0 |a Obsahuje 12 piesní 
511 0 |a Účinkuje Lobo 
518 |a Nahrané v štúdiu Phoenix (január - júl 2005) 
650 0 7 |a populárne piesne  |2 SNKPH  |9 3446 
655 7 |a kompaktné platne  |2 SNKPH  |9 70690 
700 1 |a Kavulič, Martin  |4 cmp  |4 lyr  |9 14704 
999 |c 823513  |d 825443 
952 |a SNK  |b SNK  |y PREZ  |7 0  |p 17A0493266  |o snkSCD 1820  |i snk2005/21078  |8 3  |g 10.95  |0 0  |1 0  |4 0  |d 2005-12-13  |l 0  |r 2026-02-24 03:13:54  |w 2026-02-24